| 000 | 01167nam a22003497a 4500 | ||
|---|---|---|---|
| 003 | CHAP | ||
| 005 | 20220817044123.0 | ||
| 008 | 060905d2006 mx r 00110 spa d | ||
| 010 | _a92631 | ||
| 011 | _a93603 | ||
| 035 | _a104183 | ||
| 040 | _cCHAP | ||
| 082 | 0 | 4 |
_a320 _bM36 |
| 100 | 0 | 0 |
_aMartínez Verdugo, Armando. _972616 |
| 245 | 1 | 0 |
_aNotas políticas _c/por Armando Martínez Verdugo |
| 260 |
_aMéxico, D. F. : _bEdiciones autodeterminación, _c2006. |
||
| 300 | _a300 p. | ||
| 590 |
_aBATCH-UPD _b10 _c20130110 _lUCH01 _h1133 |
||
| 590 |
_aBATCH-UPD _b10 _c20130410 _lUCH01 _h0721 |
||
| 590 |
_aBATCH-UPD _b10 _c20130914 _lUCH01 _h0937 |
||
| 590 |
_aBATCH-UPD _b10 _c20161124 _lUCH01 _h1713 |
||
| 590 |
_aCONVERSION _b10 _c20130109 _lUCH01 _h1351 |
||
| 650 | 1 | 4 |
_aCiencias políticas. _923206 |
| 650 | 1 | 4 |
_aMéxico _xCondiciones económicas. |
| 650 | 1 | 4 |
_aMéxico _xCondiciones sociales. _976730 |
| 651 | 4 |
_aMéxico _xPolítica y gobierno. _976783 |
|
| 901 | _aBK | ||
| 905 | _aLilia | ||
| 942 | _cLIBRO | ||
| 949 |
_a320 M36 _bBC _cLIBRO _d33724000994109 _eLIBRO _h108166 _i104183 _sb |
||
| 949 |
_a320 M36 _bBC _cLIBRO _d33724000994166 _eLIBRO _fc.2 _h108167 _i104183 _sb |
||
| 999 |
_c92631 _d92631 |
||